Konkurenčný tlak má negatívny vplyv na ekológiu. Dôvody sú jednoduché

Enregistré dans:
Détails bibliographiques
Auteur principal: Profant, Tomáš Imrich, 1983-
Format: Chapitre de livre
Langue:slovaque
Sujets:
Tags: Ajouter un tag
Pas de tags, Soyez le premier à ajouter un tag!

MARC

LEADER 00000naa a2200000 4500
001 0307000
005 20251210133227.6
041 0 |a slo 
044 |a SK 
245 1 0 |a Konkurenčný tlak má negatívny vplyv na ekológiu. Dôvody sú jednoduché  |c Tomáš Imrich Profant 
610 2 0 |a politika environmentálna 
610 2 0 |a ekológia 
610 2 0 |a zmeny klimatické 
610 2 0 |a konkurencia 
610 2 0 |a dôvody 
610 2 0 |a úroveň životná 
610 2 0 |a Francúzsko 
100 1 |a Profant, Tomáš Imrich, 1983-